2023快递发件量top50城市 Top 50 cities by express delivery in 2023 - Statistics

General Stats
  • This quiz has been taken 387 times
  • The average score is 38 of 50
Answer Stats
排名 城市 业务量 % Correct
11 北京 23
98%
3 深圳 64
97%
6 上海 37
97%
2 广州 115
96%
5 杭州 40
96%
9 苏州 28
95%
12 成都 22
94%
15 武汉 19
93%
24 重庆 14
93%
32 南京 10
93%
14 长沙 19
92%
22 天津 14
92%
31 青岛 10
92%
13 温州 20
91%
38 无锡 8
91%
46 厦门 6
90%
7 东莞 34
89%
16 郑州 18
89%
34 沈阳 10
89%
37 济南 8
89%
48 福州 6
89%
23 宁波 14
88%
33 西安 10
88%
47 哈尔滨 6
88%
1 金华 137
85%
20 石家庄 15
85%
17 佛山 18
84%
26 合肥 13
82%
40 南昌 8
80%
43 徐州 7
77%
44 昆明 7
76%
10 泉州 25
75%
21 台州 15
75%
29 南通 12
75%
25 嘉兴 14
74%
27 绍兴 13
73%
30 中山 11
70%
8 汕头 30
67%
45 湖州 6
66%
42 惠州 7
55%
19 保定 16
52%
36 潮州 9
52%
49 漳州 6
48%
4 揭阳 41
45%
18 临沂 18
44%
50 潍坊 6
40%
28 廊坊 12
35%
41 宿迁 7
29%
39 邢台 8
19%
35 商丘 9
10%
No matching quizzes found
Score Distribution
Percent of People with Each Score
Percentile by Number Answered
Your Score History
You have not taken this quiz